| 000 | 00595nam a2200181Ia 4500 | ||
|---|---|---|---|
| 003 | GCL | ||
| 008 | 140319s9999 xx 000 0 ara d | ||
| 040 |
_aGCL / _cGCL |
||
| 082 | 0 | 4 |
_a612.399 _bم ن |
| 100 | 1 | _aمحمد محمود عبدالقادر | |
| 245 | 1 | 0 |
_aالغذاء الكامل للرياضيين / _cمحمد محمود عبدالقادر |
| 260 |
_aسوريا : _bدار الكتب العلمية |
||
| 300 |
_a195 ص ؛ _c16 سم |
||
| 650 | 0 | 4 | _aالفيتامينات |
| 650 | 0 | 4 | _aالتغذية الرياضية |
| 650 | 0 | 4 | _aالتغذية الصحية |
| 942 |
_2ddc _cBK |
||
| 999 |
_c3065 _d3065 |
||